000 01048nam a2200277Ia 4500
003 OSt
005 20221005103459.0
006 a|||||r|||| 00| 0
007 ta
008 221004b |||||||| |||| 00| 0 hin d
020 _a8179980529 (hbk)
_c625
024 _a4967
037 _b046, 28/06/2013, University Book House
_cTextual
040 _aCRL
_cCRL
_bhin
041 _2hin
_ahin
082 _aO152vN5, P7
100 _aशुक्ल, रामचन्द्र
245 0 _aहिन्दी साहित्य का इतिहास
246 _aHindī sāhitya kā itihāsa
260 _aजयपुर
_bमलिक एण्ड कम्पनी भारत
_c2007
300 _a536पृ0
_ccm.
490 _aथ्ल्न्च् क्ब्.1 भ्प्छक्प्
650 _aहिन्दी साहित्य
942 _hO152vN5, P7
_cTEXL
_2cc
999 _c1010153
_d1010153